01442nam a2200277 a 4500001001000000005001700010008004100027041000800068044000700076084002100083100004500104245009500149260003600244300001700280440004100297500041500338500005100753500005900804500001000863650005200873650005600925650003400981650004501015700005401060740005001114BRCA_273020190320203938.0041208s1894----sp-#---###---#000-0#spa-u aspa asp a224b.H476c18941 aCervantes Saavedra, Miguel ded1547-161610aEl Ingenioso Hidalgo Don Quijote de la Manchaccompuesto por Miguel de Cervantes Saavedra. aMadridbViuda de Hernandoc1894 a8 v.c18 cm. 0aBiblioteca clásicanclxxx-clcccvii aContenido : v 1. Primera parte. Advertencia de los editores. Juicio crítico del comentario de Clemencín por Alberto Lista. Prólogo del comentario. Dedicatoria del autor. Prólogo del autor. Versos preliminares. Texto. -- v 2. Texto. -- v 3. Texto. -- v 4. Texto. -- v 5. Segunda parte. Dedicatoria del autor. Prólogo del autor. Texto. -- v 6. Texto. -- v 7. Texto. -- v 8. Texto. Indice del Comentario aEdición : Comentado por D. Diego Clemencín aEjemplar por completo igual al LO-223 Lúdovik Osterc aQM21314aNovela españolayÉpoca clásica, 1500-170014aLiteratura españolayÉpoca clásica, 1500-170014aNovela españolaySiglo XVII14aDon Quijote (Personaje ficticio)eNovela1 aClemencín y Viñas, Diegod1785-1834eAnotador0 aEl Ingenioso Hidalgo Don Quijote de la Mancha